000
00246nam a2200097Ia 4500
001
650217
005
20250826154355.0
008
250824s9999 xx 000 0 und d
245
0
_a
MARTI ANTİK
_c
ANTON ÇEHOV
260
_b
ANTİK DÜNYA KLASİKLERİ
999
_c
650217
_d
650217